[Event "1st Sivas Buruciye Open 2019"]
[Site "Sivas"]
[Date "2019.08.19"]
[Round "1"]
[White "Kiziltas, Inanc Vefa"]
[Black "Gurer, Oguz Kagan"]
[Result "1-0"]
[WhiteElo "1826"]
[BlackElo "1353"]
[Annotator "NA RC"]
[PlyCount "51"]
[EventDate "2019.08.19"]
[EventType "swiss"]
[EventCountry "TUR"]
[SourceTitle "playchess.com"]
[Source "ChessBase"]
[SourceQuality "1"]
[TimeControl "5400+30"]

1. e4 {[%emt 0:00:30]} c5 {[%emt 0:00:30]} 2. Nf3 {[%emt 0:00:30]} d6 {[%emt 0:00:00]} 3. d4 {[%emt 0:00:00]} cxd4 {[%emt 0:00:00]} 4. Qxd4 {[%emt 0:00:00]} Nc6 {[%emt 0:00:30]} 5. Bb5 {[%emt 0:00:00]} Bd7 {[%emt 0:00:30]} 6. Bxc6 {[%emt 0:00:00]} Bxc6 {[%emt 0:00:00]} 7. c4 {[%emt 0:00:30]} Nf6 {[%emt 0:00:00]} 8. Nc3 {[%emt 0:00:00]} e6 {[%emt 0:00:30]} 9. O-O {[%emt 0:00:00]} Be7 {[%emt 0:02:30]} 10. h3 {[%emt 0:01:30]} h6 {[%emt 0:02:30]} 11. Be3 {[%emt 0:02:30]} O-O {[%emt 0:02:30]} 12. Rfd1 {[%emt 0:01:30]} a6 {[%emt 0:17:30]} 13. a4 {[%emt 0:10:30]} Qa5 {[%emt 0:00:30]} 14. Rab1 {[%emt 0:10:30]} d5 {[%emt 0:02:30]} 15. cxd5 {[%emt 0:02:30]} Rfd8 {[%emt 0:00:00]} 16. b4 {[%emt 0:01:30]} Qc7 {[%emt 0:02:00]} 17. Qc4 {[%emt 0:00:00]} exd5 {[%emt 0:00:30]} 18. exd5 {[%emt 0:00:00]} Rd6 {[%emt 0:00:30]} 19. Bf4 {[%emt 0:01:30]} Rad8 {[%emt 0:05:30]} 20. Bxd6 {[%emt 0:00:30]} Rxd6 {[%emt 0:00:30]} 21. b5 {[%emt 0:00:30]} Qc8 {[%emt 0:03:30]} 22. dxc6 {[%emt 0:00:30]} Re6 {[%emt 0:01:30]} 23. Nd4 {[%emt 0:02:30]} Re5 {[%emt 0:00:30]} 24. cxb7 {[%emt 0:01:30]} Qxb7 {[%emt 0:02:30]} 25. bxa6 {[%emt 0:00:00]} Qa8 {[%emt 0:00:30]} 26. Nc6 {[%emt 0:01:00]} 1-0

[Event "1st Sivas Buruciye Open 2019"]
[Site "Sivas"]
[Date "2019.08.19"]
[Round "1"]
[White "Duru, Adem"]
[Black "Ercan, Mehmet Fahri"]
[Result "0-1"]
[WhiteElo "1516"]
[BlackElo "1854"]
[Annotator "NA RC"]
[PlyCount "70"]
[EventDate "2019.08.19"]
[EventType "swiss"]
[EventCountry "TUR"]
[SourceTitle "playchess.com"]
[Source "ChessBase"]
[SourceQuality "1"]
[TimeControl "5400+30"]

1. d4 {[%emt 0:00:30]} Nf6 {[%emt 0:00:30]} 2. Nf3 {[%emt 0:00:30]} g6 {[%emt 0:00:00]} 3. Bg5 {[%emt 0:02:30]} Bg7 {[%emt 0:01:00]} 4. Nbd2 {[%emt 0:01:30]} d6 {[%emt 0:01:30]} 5. h3 {[%emt 0:03:30]} O-O {[%emt 0:01:30]} 6. e4 {[%emt 0:00:30]} c5 {[%emt 0:02:30]} 7. c3 {[%emt 0:01:30]} Nc6 {[%emt 0:01:30]} 8. Rc1 {[%emt 0:02:30]} cxd4 {[%emt 0:02:30]} 9. cxd4 {[%emt 0:00:30]} Qa5 {[%emt 0:00:30]} 10. d5 {[%emt 0:05:30]} Nxe4 {[%emt 0:08:30]} 11. dxc6 {[%emt 0:07:30]} Nxg5 {[%emt 0:01:30]} 12. Nxg5 {[%emt 0:06:30]} Qxg5 {[%emt 0:00:30]} 13. c7 {[%emt 0:18:30]} Bxb2 {[%emt 0:02:30]} 14. Rb1 {[%emt 0:04:30]} Bc3 {[%emt 0:01:30]} 15. Rb3 {[%emt 0:02:30]} Qa5 {[%emt 0:03:30]} 16. Qc2 {[%emt 0:03:30]} Bxd2+ {[%emt 0:01:30]} 17. Qxd2 {[%emt 0:01:30]} Qxc7 {[%emt 0:00:30]} 18. Be2 {[%emt 0:00:30]} Be6 {[%emt 0:01:30]} 19. Rb2 {[%emt 0:02:30]} a6 {[%emt 0:03:30]} 20. O-O {[%emt 0:03:30]} Rfc8 {[%emt 0:00:30]} 21. Bf3 {[%emt 0:00:30]} Rab8 {[%emt 0:00:30]} 22. h4 {[%emt 0:02:30]} b5 {[%emt 0:04:30]} 23. h5 {[%emt 0:01:30]} Qc3 {[%emt 0:00:30]} 24. hxg6 {[%emt 0:05:30]} hxg6 {[%emt 0:00:30]} 25. Qxc3 {[%emt 0:02:30]} Rxc3 {[%emt 0:00:30]} 26. a4 {[%emt 0:00:30]} b4 {[%emt 0:00:30]} 27. Be2 {[%emt 0:01:00]} a5 {[%emt 0:00:00]} 28. Re1 {[%emt 0:02:20]} Rbc8 {[%emt 0:01:00]} 29. Kf1 {[%emt 0:04:40]} Rc2 {[%emt 0:01:30]} 30. Rxc2 {[%emt 0:01:43]} Rxc2 {[%emt 0:00:00]} 31. Bd3 {[%emt 0:00:22]} Ra2 {[%emt 0:01:00]} 32. Bb5 {[%emt 0:01:42]} b3 {[%emt 0:00:30]} 33. Rb1 {[%emt 0:03:24]} Rc2 {[%emt 0:02:30]} 34. Bd3 {[%emt 0:02:39]} Rc3 {[%emt 0:00:30]} 35. Ke2 {[%emt 0:00:48]} Rxd3 {[%emt 0:00:00]} 0-1

[Event "1st Sivas Buruciye Open 2019"]
[Site "Sivas"]
[Date "2019.08.19"]
[Round "1"]
[White "Ilek, Kadir Bertan"]
[Black "Yontar, Sabrican Onay"]
[Result "1-0"]
[WhiteElo "1384"]
[BlackElo "1881"]
[Annotator "NA"]
[PlyCount "97"]
[EventDate "2019.08.19"]
[EventType "swiss"]
[EventCountry "TUR"]
[TimeControl "5400+30"]

1. e4 {[%emt 0:00:30]} e5 {[%emt 0:00:30]} 2. Nf3 {[%emt 0:00:30]} Nc6 {[%emt 0:00:00]} 3. d4 {[%emt 0:00:00]} exd4 {[%emt 0:00:00]} 4. Bc4 {[%emt 0:00:00]} Nf6 {[%emt 0:00:00]} 5. O-O {[%emt 0:00:30]} d6 {[%emt 0:00:00]} 6. Nxd4 {[%emt 0:00:30]} Bd7 {[%emt 0:00:30]} 7. Nc3 {[%emt 0:02:30]} Be7 {[%emt 0:00:30]} 8. Re1 {[%emt 0:01:30]} O-O {[%emt 0:01:30]} 9. Bf4 {[%emt 0:03:30]} a6 {[%emt 0:01:30]} 10. Nd5 {[%emt 0:04:30]} b5 {[%emt 0:03:30]} 11. Bf1 {[%emt 0:02:30]} Nxd5 {[%emt 0:03:30]} 12. Nxc6 {[%emt 0:04:30]} Bxc6 {[%emt 0:00:30]} 13. exd5 {[%emt 0:00:30]} Bb7 {[%emt 0:00:00]} 14. Qd2 {[%emt 0:32:30]} Bf6 {[%emt 0:01:00]} 15. c3 {[%emt 0:00:30]} Qd7 {[%emt 0:01:30]} 16. Bg5 {[%emt 0:01:30]} Bxg5 {[%emt 0:05:30]} 17. Qxg5 {[%emt 0:00:30]} f6 {[%emt 0:00:00]} 18. Qd2 {[%emt 0:00:30]} Rfe8 {[%emt 0:10:00]} 19. g3 {[%emt 0:08:30]} Qf5 {[%emt 0:09:30]} 20. Bg2 {[%emt 0:01:30]} Re5 {[%emt 0:06:30]} 21. f4 {[%emt 0:03:30]} Ree8 {[%emt 0:05:30]} 22. Rxe8+ {[%emt 0:02:30]} Rxe8 {[%emt 0:00:30]} 23. Re1 {[%emt 0:00:30]} Rxe1+ {[%emt 0:08:30]} 24. Qxe1 {[%emt 0:00:30]} Kf8 {[%emt 0:00:00]} 25. Qe4 {[%emt 0:02:30]} Bc8 {[%emt 0:00:00]} 26. Qxf5 {[%emt 0:01:30]} Bxf5 {[%emt 0:00:30]} 27. Kf2 {[%emt 0:00:30]} Bb1 {[%emt 0:00:30]} 28. a3 {[%emt 0:00:30]} g5 {[%emt 0:16:30]} 29. Ke3 {[%emt 0:03:30]} Kg7 {[%emt 0:01:30]} 30. Bh3 {[%emt 0:04:45]} Kg6 {[%emt 0:01:30]} 31. Bc8 {[%emt 0:02:52]} a5 {[%emt 0:02:30]} 32. Bd7 {[%emt 0:00:12]} Ba2 {[%emt 0:06:22]} 33. Kd4 {[%emt 0:00:09]} gxf4 {[%emt 0:03:56]} 34. gxf4 {[%emt 0:00:27]} Bb3 {[%emt 0:00:31]} 35. Ke4 {[%emt 0:02:48]} Bc2+ {[%emt 0:05:38]} 36. Ke3 {[%emt 0:00:12]} Bb3 {[%emt 0:00:18]} 37. Kd4 {[%emt 0:00:28]} h6 {[%emt 0:00:35]} 38. Ke4 {[%emt 0:00:42]} Bc4 {[%emt 0:01:05]} 39. Be8+ {[%emt 0:01:27]} Kg7 {[%emt 0:00:28]} 40. Kd4 {[%emt 0:02:05]} a4 {[%emt 0:02:03]} 41. Ke4 {[%emt 0:03:15]} Kf8 {[%emt 0:00:14]} 42. Bh5 {[%emt 0:03:22]} Ke7 {[%emt 0:00:06]} 43. Kd4 {[%emt 0:01:37]} f5 {[%emt 0:01:09]} 44. Bd1 {[%emt 0:00:50]} Kf6 {[%emt 0:01:20]} 45. Bxa4 {[%emt 0:00:36]} Be2 {[%emt 0:00:52]} 46. Bc2 {[%emt 0:00:30]} Kg6 {[%emt 0:00:08]} 47. Bd3 {[%emt 0:01:19]} Bf3 {[%emt 0:00:52]} 48. Bxb5 {[%emt 0:00:46]} Kh5 {[%emt 0:00:00]} 49. a4 {[%emt 0:00:00]} 1-0

[Event "1st Sivas Buruciye Open 2019"]
[Site "Sivas"]
[Date "2019.08.19"]
[Round "1"]
[White "Erdogan, Celalettin"]
[Black "Khvadagiani, Nika"]
[Result "0-1"]
[WhiteElo "1347"]
[BlackElo "1880"]
[Annotator "NA RC"]
[PlyCount "60"]
[EventDate "2019.08.19"]
[EventType "swiss"]
[EventCountry "TUR"]
[SourceTitle "playchess.com"]
[Source "ChessBase"]
[SourceQuality "1"]
[TimeControl "5400+30"]

1. d4 {[%emt 0:01:30]} Nf6 {[%emt 0:00:30]} 2. c4 {[%emt 0:00:00]} e6 {[%emt 0:00:00]} 3. Nc3 {[%emt 0:00:00]} d5 {[%emt 0:00:00]} 4. a3 {[%emt 0:00:30]} b6 {[%emt 0:00:30]} 5. Nf3 {[%emt 0:00:30]} Be7 {[%emt 0:00:30]} 6. e3 {[%emt 0:00:30]} O-O {[%emt 0:00:30]} 7. cxd5 {[%emt 0:00:30]} exd5 {[%emt 0:00:30]} 8. Ne5 {[%emt 0:00:30]} Bb7 {[%emt 0:00:30]} 9. Be2 {[%emt 0:00:30]} Nbd7 {[%emt 0:00:30]} 10. f4 {[%emt 0:00:30]} Ne4 {[%emt 0:02:30]} 11. O-O {[%emt 0:01:30]} Nxe5 {[%emt 0:03:30]} 12. fxe5 {[%emt 0:05:30]} f6 {[%emt 0:02:30]} 13. Nxe4 {[%emt 0:00:00]} dxe4 {[%emt 0:00:00]} 14. Qe1 {[%emt 0:13:00]} fxe5 {[%emt 0:06:00]} 15. Rxf8+ {[%emt 0:00:30]} Qxf8 {[%emt 0:00:00]} 16. dxe5 {[%emt 0:00:00]} Qf5 {[%emt 0:00:00]} 17. Qg3 {[%emt 0:00:00]} Rd8 {[%emt 0:01:30]} 18. Bg4 {[%emt 0:02:30]} Qg6 {[%emt 0:07:30]} 19. b4 {[%emt 0:14:30]} Ba6 {[%emt 0:14:30]} 20. Bb2 {[%emt 0:17:30]} h5 {[%emt 0:03:30]} 21. Bd1 {[%emt 0:02:30]} Qf7 {[%emt 0:13:30]} 22. Bc2 {[%emt 0:04:30]} Rd2 {[%emt 0:01:30]} 23. e6 {[%emt 0:03:30]} Qf8 {[%emt 0:01:30]} 24. Rc1 {[%emt 0:01:30]} Rxc2 {[%emt 0:00:30]} 25. Qe1 {[%emt 0:07:30]} Rxb2 {[%emt 0:00:30]} 26. Rxc7 {[%emt 0:00:30]} Bd3 {[%emt 0:00:30]} 27. Rc1 {[%emt 0:01:30]} Qf6 {[%emt 0:00:30]} 28. Qg3 {[%emt 0:02:30]} Qxe6 {[%emt 0:02:30]} 29. Qb8+ {[%emt 0:00:30]} Kh7 {[%emt 0:00:00]} 30. Qe8 {[%emt 0:01:38]} Qg6 {[%emt 0:00:00]} 0-1

[Event "1st Sivas Buruciye Open 2019"]
[Site "Sivas"]
[Date "2019.08.19"]
[Round "1"]
[White "Aghayeva, Gulsanam"]
[Black "Sibli, Murat Yigit"]
[Result "1-0"]
[WhiteElo "1280"]
[BlackElo "1583"]
[Annotator "NA RC"]
[PlyCount "81"]
[EventDate "2019.08.19"]
[EventType "swiss"]
[EventCountry "TUR"]
[SourceTitle "playchess.com"]
[Source "ChessBase"]
[SourceQuality "1"]
[TimeControl "5400+30"]

1. g3 {[%emt 0:00:30]} Nf6 {[%emt 0:00:30]} 2. Bg2 {[%emt 0:00:30]} d5 {[%emt 0:00:30]} 3. c4 {[%emt 0:03:30]} e6 {[%emt 0:01:30]} 4. Nf3 {[%emt 0:07:30]} Bd6 {[%emt 0:02:30]} 5. d4 {[%emt 0:07:30]} c6 {[%emt 0:01:30]} 6. c5 {[%emt 0:08:30]} Bc7 {[%emt 0:01:30]} 7. a3 {[%emt 0:01:30]} Nbd7 {[%emt 0:05:30]} 8. b4 {[%emt 0:03:30]} O-O {[%emt 0:06:30]} 9. Bb2 {[%emt 0:02:30]} Re8 {[%emt 0:07:30]} 10. O-O {[%emt 0:05:30]} e5 {[%emt 0:01:30]} 11. e3 {[%emt 0:00:30]} exd4 {[%emt 0:01:30]} 12. Nxd4 {[%emt 0:03:30]} Ne5 {[%emt 0:03:30]} 13. Nd2 {[%emt 0:03:30]} Bd7 {[%emt 0:02:30]} 14. Qc2 {[%emt 0:05:30]} Qc8 {[%emt 0:05:30]} 15. Rfe1 {[%emt 0:01:30]} Neg4 {[%emt 0:03:30]} 16. e4 {[%emt 0:06:30]} dxe4 {[%emt 0:04:30]} 17. Nxe4 {[%emt 0:02:30]} Nxe4 {[%emt 0:25:30]} 18. Rxe4 {[%emt 0:05:30]} Nf6 {[%emt 0:03:30]} 19. Rxe8+ {[%emt 0:02:30]} Qxe8 {[%emt 0:00:30]} 20. Nf5 {[%emt 0:04:30]} Bxf5 {[%emt 0:04:38]} 21. Qxf5 {[%emt 0:00:30]} Rd8 {[%emt 0:02:04]} 22. Bxf6 {[%emt 0:06:08]} gxf6 {[%emt 0:00:55]} 23. Be4 {[%emt 0:00:50]} Qe5 {[%emt 0:02:07]} 24. Qxh7+ {[%emt 0:01:16]} Kf8 {[%emt 0:00:18]} 25. Re1 {[%emt 0:00:17]} Re8 {[%emt 0:02:24]} 26. Re3 {[%emt 0:01:14]} Re6 {[%emt 0:01:15]} 27. Bg6 {[%emt 0:03:26]} fxg6 {[%emt 0:01:23]} 28. Rxe5 {[%emt 0:00:07]} Bxe5 {[%emt 0:00:07]} 29. Qxg6 {[%emt 0:00:52]} Bd4 {[%emt 0:00:25]} 30. Qh6+ {[%emt 0:00:18]} Kf7 {[%emt 0:00:30]} 31. Qh7+ {[%emt 0:01:01]} Kf8 {[%emt 0:00:24]} 32. Qxb7 {[%emt 0:03:01]} Re2 {[%emt 0:01:00]} 33. Qb8+ {[%emt 0:00:47]} Kf7 {[%emt 0:00:13]} 34. Qc7+ {[%emt 0:01:20]} Kg6 {[%emt 0:00:07]} 35. Qxc6 {[%emt 0:01:11]} Bxf2+ {[%emt 0:00:30]} 36. Kf1 {[%emt 0:00:11]} Ra2 {[%emt 0:00:18]} 37. Qe4+ {[%emt 0:01:14]} Kg7 {[%emt 0:00:30]} 38. c6 {[%emt 0:00:00]} Bb6 {[%emt 0:00:00]} 39. c7 {[%emt 0:00:00]} Ra1+ {[%emt 0:00:07]} 40. Kg2 {[%emt 0:00:00]} Ra2+ {[%emt 0:00:44]} 41. Kh3 {[%emt 0:00:05]} 1-0

[Event "1st Sivas Buruciye Open 2019"]
[Site "Sivas"]
[Date "2019.08.20"]
[Round "2"]
[White "Annaberdiev, Meilis"]
[Black "Hasanzade, Toghrul"]
[Result "1-0"]
[WhiteElo "2518"]
[BlackElo "2314"]
[Annotator "TA"]
[PlyCount "125"]
[EventDate "2019.08.19"]
[EventType "swiss"]
[EventCountry "TUR"]
[SourceTitle "playchess.com"]
[Source "ChessBase"]
[SourceQuality "1"]

{[%evp 15,125,3,4,0,18,0,37,7,17,-20,-15,-20,-15,-21,-15,-8,22,21,21,15,16,14,20,5,57,54,68,68,67,70,63,29,116,18,62,68,72,71,71,64,63,54,47,50,52,51,51,55,63,57,56,50,48,35,40,23,31,42,42,0,30,14,45,49,50,48,49,29,64,74,64,0,0,0,0,0,0,0,0,0,0,0,0,0,0,0,0,0,0,0,0,0,0,0,8,0,0,0,12,0,59,59,60,61,68,68,68,68,29984,29985,29984,29986]} 1. Nf3 Nf6 2. c4 g6 3. Nc3 d5 4. cxd5 Nxd5 5. e4 Nxc3 6. dxc3 Qxd1+ 7. Kxd1 f6 8. Kc2 e5 9. Bc4 {A16: English Opening: 1...Nf6 with ...d5} (9. Be3 Be6 10. Nd2 Nd7 11. Bc4 Kf7 12. Rhd1 b6 13. b4 Bd6 14. Bxe6+ Kxe6 15. Nc4 Be7 16. a4 Rhd8 17. Rd5 c6 18. Rd2 Nf8 19. Rxd8 Bxd8 {½-½ (32) Margvelashvili,G (2530)-Bai,J (2571) chess.com INT 2018}) 9... Nd7 10. Re1 Bc5 11. Bh6 $146 {White is slightly better.} (11. b4 $5 {[%cal Rb4c5]} Bf8 12. Be3 $14) ({Predecessor:} 11. Be3 Ke7 12. Rad1 Bxe3 13. Rxe3 Nb6 14. Nd2 Rd8 15. Bb3 a5 16. a3 a4 17. Ba2 Be6 18. Bxe6 Kxe6 19. Rh3 {½-½ (56) Andersen,J-Zjukin,S Aalborg 1991}) 11... Nb6 12. Bd3 (12. Bb3 {is interesting.} Ke7 13. Nd2 a5 14. a4 Be6 15. f4) 12... Kf7 13. b4 Be7 14. Be3 Be6 15. Nd2 c5 16. bxc5 Nd7 17. Reb1 Rhb8 18. c6 bxc6 19. Rxb8 Nxb8 (19... Rxb8 $11 20. Bxa7 Ra8) 20. Rb1 $14 Bxa2 21. Rb7 $36 {[%mdl 2048] Strongly threatening Bc5. White is pushing.} Be6 22. Bc4 Bxc4 23. Nxc4 {Bc5 is the strong threat.} (23. Bc5 $5 Na6 24. Rxe7+ Kg8 25. Bxa7 $14) 23... Ke6 {[#]} (23... Na6 $11 {keeps the balance.}) 24. Bxa7 (24. Rc7 $1 $16) 24... Nd7 25. Rc7 $1 Bd6 26. Rxc6 Rxa7 27. Rxd6+ $16 {[%mdl 4096] Endgame KRN-KRN} Ke7 28. Rd5 Ra2+ 29. Nb2 Ra1 30. Rd1 Ra3 31. f3 f5 32. exf5 gxf5 33. Rb1 Ke6 34. g3 Nb6 35. Re1 Kf6 36. Rd1 Ke6 37. Re1 Kf6 38. Nd3 Nd5 39. c4 Rc3+ 40. Kd2 Rxc4 41. Nxe5 Ra4 42. Nd7+ Kf7 43. Rb1 (43. Re5 $14 Ne7 44. Ke1) 43... Ra2+ $11 44. Kd3 Rxh2 45. Rb7 Rh3 46. Kd4 Ne7 47. Ne5+ Kf6 48. g4 fxg4 49. Nxg4+ Ke6 50. Ke4 Rh1 51. Rb6+ Kf7 52. Ne5+ Kg7 53. Nd3 Ng6 54. f4 Rf1 55. Ra6 h5 56. Kf5 Ne7+ 57. Ke6 {Black must now prevent Ra7.} Rf3 (57... Ng6 $11) 58. Ne5 $14 Rxf4 {aiming for ...Rf6+.} 59. Kxe7 h4 60. Rg6+ Kh7 61. Rg1 Kh6 $2 {[%mdl 8192] [#]} (61... Ra4 $14) 62. Nf7+ Kh7 63. Kf8 {Accuracy: White = 59%, Black = 56%.} 1-0

[Event "1st Sivas Buruciye Open 2019"]
[Site "Sivas"]
[Date "2019.08.20"]
[Round "2"]
[White "Bagaturov, Giorgi"]
[Black "Temizkan, Denizcan"]
[Result "1-0"]
[WhiteElo "2417"]
[BlackElo "2175"]
[Annotator "TA"]
[PlyCount "109"]
[EventDate "2019.08.19"]
[EventType "swiss"]
[EventCountry "TUR"]
[SourceTitle "playchess.com"]
[Source "ChessBase"]
[SourceQuality "1"]

{[%evp 21,109,0,22,-8,-6,-18,33,33,34,29,34,38,31,44,35,36,9,22,29,0,0,0,85,78,83,74,93,95,81,55,56,60,66,71,66,81,145,74,63,60,69,59,67,66,61,39,58,58,58,20,28,6,16,8,12,0,0,0,17,9,10,16,13,9,26,33,35,32,186,164,186,186,185,185,160,145,119,105,664,670,1363,1352,1964,2054,2290,1997,29978,29978,29976,29974]} 1. c4 e5 2. g3 Nf6 3. Bg2 d5 4. cxd5 Nxd5 5. Nc3 Nb6 6. Nf3 Nc6 7. O-O Be7 8. a3 ({Predecessor:} 8. d3 O-O {½-½ (58) Renaud,O (2115)-Olarasu,G (2373) Avoine 2000}) 8... O-O 9. d3 Be6 10. b4 f6 11. Bb2 Qd7 12. Rc1 $146 {A29: English Opening: Four Knights Variation with 4 g3} (12. Ne4 Nd5 13. Rc1 a5 14. b5 Na7 15. d4 Qxb5 16. Qc2 a4 17. dxe5 Nc6 18. exf6 Nxf6 19. Neg5 Bf5 20. e4 Bg6 21. Bxf6 Rxf6 22. Rb1 Qc5 23. Qa2+ Kh8 24. Rxb7 Qxa3 25. Qxa3 Bxa3 {½-½ (25) Balog,I (2526)-Berkes,F (2648) Hungary 2015}) 12... a5 13. b5 Nd4 ({Black should try} 13... Na7 $11) 14. Nxd4 $14 {White is slightly better.} exd4 15. Ne4 Qxb5 16. Bxd4 Bxa3 17. Rxc7 Nd5 18. Nc3 Nxc3 19. Bxc3 Rab8 20. Qb1 (20. Qa1 {feels hotter.} Bb4 21. Bxb4 axb4 22. Qa7 b3 23. Bxb7 Kh8 24. Rb1) 20... Qxb1 21. Rxb1 b5 (21... a4 $1 $11 {keeps the balance.}) 22. Bxa5 $16 b4 23. Ra7 Rf7 24. Ra6 Ba2 25. Bxb4 Bxb1 26. Rxa3 {Strongly threatening Bd5.} Rc7 ({Weaker is} 26... Rxb4 27. Ra8+ Rb8 28. Rxb8+ Rf8 29. Bd5+ Kh8 30. Rxf8#) 27. Bd5+ Kh8 28. Bd6 Rc1+ 29. Kg2 Rd8 30. Bc4 h6 31. Bf4 Rc2 32. Kf3 Rb2 33. Bc1 Rc2 34. Be3 Rb2 35. Ra7 Bc2 36. Bc1 Rb1 37. Bf4 Bd1 38. Re7 Rb2 39. g4 Ba4 (39... g5 {with more complications.} 40. Bg3 h5 41. h3 hxg4+ 42. hxg4 Rd4) 40. h4 Re8 41. Rxe8+ Bxe8 $11 {[%mdl 4096] Endgame KRB-KB} 42. Bd6 f5 43. d4 fxg4+ 44. Kxg4 Bb5 $2 {[#]} ({Better is} 44... Bg6 $14) 45. Bxb5 $1 $18 Rxb5 {KR-KB} 46. e4 Kg8 47. d5 Kf7 48. Kf5 g6+ 49. Ke5 Rb1 $2 {[%mdl 8192]} (49... h5 $16) 50. Bc5 Rc1 51. Be3 Rh1 52. Bxh6 Rxh4 53. Bg5 Rh2 {[#]} 54. d6 $1 Rg2 55. Bf6 {Accuracy: White = 77%, Black = 46%.} 1-0

[Event "1st Sivas Buruciye Open 2019"]
[Site "Sivas"]
[Date "2019.08.20"]
[Round "2"]
[White "Arman, Deniz"]
[Black "Gokcek, Kursat Bugra"]
[Result "1-0"]
[WhiteElo "2347"]
[BlackElo "2116"]
[Annotator "TA"]
[PlyCount "67"]
[EventDate "2019.08.19"]
[EventType "swiss"]
[EventCountry "TUR"]
[SourceTitle "playchess.com"]
[Source "ChessBase"]
[SourceQuality "1"]

{[%evp 9,67,-17,0,0,10,4,26,6,17,10,22,22,52,22,22,22,32,24,29,29,35,17,24,-4,0,-10,34,42,190,190,190,190,190,196,189,170,174,163,315,347,351,330,341,342,356,342,360,343,337,301,443,436,431,455,449,433,861,845,5377,5277]} 1. d4 Nf6 2. Nc3 d5 3. Bf4 e6 4. Nb5 Na6 5. e3 c6 (5... Be7 6. Nf3 O-O 7. Bd3 c6 8. Nc3 Nb4 9. h3 Nxd3+ 10. cxd3 b6 11. O-O Bb7 {0-1 (40) Rapport,R (2731)-Giri,A (2783) Wijk aan Zee 2019}) 6. Nc3 {D00: 1 d4 d5: Unusual lines} Qa5 7. a3 c5 8. dxc5 {White has an edge.} Qxc5 9. Nf3 Qb6 $146 ({Predecessor:} 9... Be7 10. Bd3 O-O 11. O-O Bd7 {1-0 (32) Plokhotniuk,V (2380)-Sharapov,S (2294) Lagan 2019}) 10. Ne5 Bd7 11. Nxd7 Nxd7 12. Bb5 Rd8 13. Qd4 Qxd4 14. exd4 Nab8 15. O-O-O {Strongly threatening Nxd5.} a6 16. Ba4 {Nxd5 is the strong threat.} b5 17. Bb3 Rc8 18. Rhe1 $36 {[%mdl 2048] Hoping for Nxd5. White fights for an advantage.} Be7 {[#]} (18... Kd8 $1 $14) 19. Bxd5 $1 $18 {[%mdl 512]} Rxc3 (19... exd5 20. Nxd5) 20. bxc3 exd5 {[#]} 21. Bd6 $1 Nc6 {[#]} 22. Rxe7+ $1 {[%mdl 512]} Nxe7 23. Re1 O-O $2 (23... Kd8 {was called for.}) 24. Rxe7 {[%mdl 4096] Endgame KRB-KRN} Nf6 25. Ra7 Rc8 26. Rxa6 Ne4 27. Bb4 Nxf2 28. Rb6 Ng4 29. Rxb5 Nxh2 (29... Ne3 {keeps fighting.} 30. a4 Re8) 30. Rxd5 {White is clearly winning.} Ng4 31. a4 Ne3 32. Rc5 Rxc5 (32... Rd8 $142 33. g3 f5) 33. Bxc5 Nc4 34. d5 {Accuracy: White = 81%, Black = 31%.} 1-0

[Event "1st Sivas Buruciye Open 2019"]
[Site "Sivas"]
[Date "2019.08.20"]
[Round "2"]
[White "Lortkipanidze, Nodar"]
[Black "Rzayev, Chingiz"]
[Result "1-0"]
[WhiteElo "2336"]
[BlackElo "2098"]
[Annotator "TA"]
[PlyCount "115"]
[EventDate "2019.08.19"]
[EventType "swiss"]
[EventCountry "TUR"]
[SourceTitle "playchess.com"]
[Source "ChessBase"]
[SourceQuality "1"]

{[%evp 9,115,25,52,37,45,22,17,16,14,18,20,17,23,0,37,18,20,6,38,22,40,2,8,0,23,16,12,12,22,0,8,6,20,15,12,10,10,10,10,10,10,10,18,22,31,21,38,0,60,0,0,0,0,-152,-152,-151,-89,-89,-89,-87,97,123,538,482,537,537,537,495,432,431,660,625,572,572,757,676,896,886,897,883,1440,1428,1302,1152,1152,1152,5085,5085,4134,4123,29955,29955,29955,1090,29966,29968,29965,29966,29965,29968,29967,29969,6295,29970,12847,5125,5118,5114]} 1. e4 d5 2. exd5 Nf6 3. Nc3 Nxd5 4. Bc4 c6 5. Nf3 g6 (5... Bg4 6. h3 Bh5 7. d3 e6 8. Ne4 Nd7 9. Ng3 Bb4+ 10. Kf1 Bg6 11. Qe2 Be7 12. Bd2 a5 13. h4 h6 14. Bxd5 cxd5 {0-1 (26) Galego,L (2485)-Giri,A (2730) Eilat 2012}) 6. O-O {B02: Alekhine's Defence: Chase Variation and lines with early Nc3} Bg7 7. Ne4 Bg4 8. h3 {The position is equal.} Bxf3 $1 9. Qxf3 Nd7 $146 ({Predecessor:} 9... O-O 10. c3 e6 11. d4 h6 12. a4 b6 13. b3 {1-0 (27) De Araujo,L (1855)-Nunes,A (1742) Sao Paulo 2014}) 10. Bb3 O-O 11. d3 N5f6 12. Nxf6+ Nxf6 13. Re1 Qd7 14. Bg5 h6 15. Bf4 Nd5 16. Be5 Bxe5 17. Rxe5 {[%cal Rb3d5]} e6 18. Rae1 Kg7 19. d4 Qd8 20. c3 Qf6 {White should prevent ...Qxf3.} 21. Qe4 Rad8 22. h4 h5 23. Rg5 Ne7 24. Ra5 a6 25. Re5 Nf5 26. g3 Rd7 27. a4 Rc8 28. Ba2 b5 ({Better is} 28... Nh6 $11 29. Rc5 Ng4) 29. b4 (29. a5 $14) 29... a5 $1 $11 {[%cal Ra5b4]} (29... bxa4 $6 30. Ra5 $16) 30. bxa5 b4 31. d5 $2 ({White should try} 31. Bxe6 $11 fxe6 32. Rxe6) 31... cxd5 $17 32. Qxb4 Rdc7 (32... Nd6 $142 33. Qd4 Rdc7) 33. a6 Rxc3 {Hoping for ...Nxg3!} 34. a7 Nxg3 $2 (34... R3c7 $1 $17 {[%cal Rc7a7] keeps the pressure on.} 35. Qb6 Rd7) 35. a8=Q $1 $16 {[%cal Ra8c8]} Rc2 $2 {[%mdl 8192]} (35... Ne2+ $16 36. R1xe2 Rc1+ 37. Re1 Rxe1+ 38. Rxe1 Rxa8) 36. Qa7 $18 {Rxe6 is the strong threat.} Qf3 {[%csl Gg3][%cal Rf3h1] [#]} 37. Bxd5 $1 (37. Kh2 {gets mated.} Rxf2+ 38. Qxf2 Qxf2+ 39. Kh3 Rc2 40. R5e2 Nxe2 41. Qf8+ Kxf8 42. Rxe2 Rxe2 43. Bb3 Qh2#) 37... exd5 {[%csl Gg3][%cal Rf3h1] [#]} 38. Qxf7+ $1 Qxf7 {[%csl Gc2][%cal Rf7f2]} ({Weaker is} 38... Kxf7 39. Re7+ Kg8 40. Re8+ Rxe8 41. Rxe8+ Kg7 42. Qe7+ Qf7 43. Qe5+ Qf6 44. Re7+ Kh6 45. Qxf6 Rc1+ 46. Kg2 Rg1+ 47. Kf3 Nh1 48. Qh8#) 39. Re7 Nf5 (39... Rxf2 $142 40. Qd4+ Kg8 41. Qxf2 (41. Rxf7 Rxf7 42. Qxd5 Nf5 $16) 41... Qxf2+ 42. Kxf2 Ne4+ 43. Ke3 Ra8) 40. Rxf7+ Kxf7 41. Qb7+ Kf6 42. Qxd5 {Black must now prevent Re6+.} R8c4 43. Re4 Rxe4 44. Qxe4 {[%mdl 4096] Endgame KQ-KRN} Rd2 45. a5 {[%cal Ba4a5,Ba5a6][%mdl 32]} Rd4 46. Qc6+ Rd6 47. Qb7 Nd4 48. a6 Nc6 49. Qc7 Ke6 50. Kg2 Kd5 51. Kg3 (51. a7 $142 Nxa7 52. Qxa7 Rc6 53. Qa5+ Kc4 54. f4 Rd6 55. Qe5 Rc6 56. Qe4+ Kb5 57. Kf2) 51... Rf6 52. a7 Nxa7 53. Qxa7 {KQ-KR} Ke6 54. Qg7 Kf5 55. Qd7+ Re6 56. Qf7+ Ke5 57. f4+ Kd6 58. Kf3 {Accuracy: White = 53%, Black = 41%.} 1-0